<?xml version="1.0" encoding="UTF-8"?><?xml-stylesheet type="text/xsl" href="static/style.xsl"?><OAI-PMH xmlns="http://www.openarchives.org/OAI/2.0/" xmlns:xsi="http://www.w3.org/2001/XMLSchema-instance" xsi:schemaLocation="http://www.openarchives.org/OAI/2.0/ http://www.openarchives.org/OAI/2.0/OAI-PMH.xsd"><responseDate>2026-06-05T04:04:11Z</responseDate><request verb="GetRecord" identifier="oai:riuma.uma.es:10630/10616" metadataPrefix="marc">https://riuma.uma.es/rest/oai/request</request><GetRecord><record><header><identifier>oai:riuma.uma.es:10630/10616</identifier><datestamp>2026-02-03T11:39:29Z</datestamp><setSpec>com_10630_2254</setSpec><setSpec>col_10630_37956</setSpec></header><metadata><record xmlns="http://www.loc.gov/MARC21/slim" xmlns:dcterms="http://purl.org/dc/terms/" xmlns:doc="http://www.lyncode.com/xoai" xmlns:xsi="http://www.w3.org/2001/XMLSchema-instance" xsi:schemaLocation="http://www.loc.gov/MARC21/slim http://www.loc.gov/standards/marcxml/schema/MARC21slim.xsd">
   <leader>00925njm 22002777a 4500</leader>
   <datafield ind2=" " ind1=" " tag="042">
      <subfield code="a">dc</subfield>
   </datafield>
   <datafield ind2=" " ind1=" " tag="720">
      <subfield code="a">Del-Águila-Obra, Ana Rosa</subfield>
      <subfield code="e">author</subfield>
   </datafield>
   <datafield ind2=" " ind1=" " tag="720">
      <subfield code="a">Padilla-Meléndez, Antonio</subfield>
      <subfield code="e">author</subfield>
   </datafield>
   <datafield ind2=" " ind1=" " tag="260">
      <subfield code="c">2015</subfield>
   </datafield>
   <datafield ind2=" " ind1=" " tag="520">
      <subfield code="a">En esta obra se reúnen los resúmenes de los trabajos presentados en el VI ACEDEDOT OMTech Workshop, 16-17 de abril de 2015 (Málaga), organizado por la Sección de Dirección de Operaciones y Tecnología (ACEDEDOT) de la Asociación Científica de Economía y Dirección de Empresas (ACEDE) en colaboración con el Departamento de Economía y Administración de Empresas y la Facultad de Estudios Sociales y del Trabajo de la Universidad de Málaga. En este encuentro se continúa con la labor desarrollada en las ediciones anteriores desde 2010, celebrados en Granada, Segovia, Cartagena, Sevilla y Pamplona, y se profundiza en los objetivos que desde su primera edición se han planteado.</subfield>
   </datafield>
   <datafield ind1="8" ind2=" " tag="024">
      <subfield code="a">Del Aguila-Obra, A.R.; Padilla-Meléndez, A. (eds.) (2015). Las Tecnologías de la Información para la docencia e investigación en Dirección de Operaciones: ¿en qué punto estamos?. Facultad de Estudios Sociales y del Trabajo. Universidad de Málaga.</subfield>
   </datafield>
   <datafield ind1="8" ind2=" " tag="024">
      <subfield code="a">978-84-606-7519-8</subfield>
   </datafield>
   <datafield ind1="8" ind2=" " tag="024">
      <subfield code="a">http://hdl.handle.net/10630/10616</subfield>
   </datafield>
   <datafield tag="653" ind2=" " ind1=" ">
      <subfield code="a">Empresas - Gestión</subfield>
   </datafield>
   <datafield tag="653" ind2=" " ind1=" ">
      <subfield code="a">Empresas - Tecnología de la información</subfield>
   </datafield>
   <datafield ind2="0" ind1="0" tag="245">
      <subfield code="a">Las Tecnologías de la Información para la docencia e investigación en Dirección de Operaciones: ¿en qué punto estamos?</subfield>
   </datafield>
</record>
</metadata></record></GetRecord></OAI-PMH>